| Поле | Инд. | ПП | Название | Значение |
|---|---|---|---|---|
| Тип записи | a | |||
| Библиографический уровень | m | |||
| 001 | Контрольный номер | 814c77f6-8613-44b4-b5e3-c4a0d162c23e | ||
| 005 | Дата корректировки | 20140703151338.2 | ||
| 008 | Кодируемые данные | 061213 | ||
| 020 | a | ISBN | 5-211-04706-0 | |
| c | Цена, тираж | 130.99 | ||
| 040 | a | Служба первич. каталог. | НБ ТвГУ | |
| 041 | a | Код языка текста | rus | |
| 080 | a | Индекс УДК | 174:070.42(075.8) | |
| 084 | a | Индекс другой классификации/Индекс ББК | Ч612.4(2Рос)п5я73-1 | |
| a | Индекс другой классификации/Индекс ББК | Ч612.18я73-1 | ||
| 090 | a | Полочн. индекс | Ч612.4 | |
| x | Авторский знак | А21 | ||
| 100 | 1_ | a | Автор | Авраамов Дмитрий Сергеевич |
| q | Полное имя | Авраамов Д. С. | ||
| 245 | 10 | a | Заглавие | Профессиональная этика журналиста |
| b | Продолж. заглавия | учебное пособие для студентов вузов, обучающихся по направлению и специальности "Журналистика" | ||
| 250 | a | Основные сведения об издании | 2-е изд., испр. и доп. | |
| 260 | 0_ | a | Место издания | Москва |
| b | Издательство | Московский государственный университет | ||
| c | Дата издания | 2003 | ||
| 300 | a | Объем | 271 с. | |
| 504 | a | Библиография | Библиогр. в подстроч. примеч. | |
| 583 | a | Действие | Получение впервые 467 11.12.2006 | |
| k | Исполнитель действия | ОАО "БИБКОМ" | ||
| 650 | a | Основная рубрика | Журналистика | |
| x | Основная подрубрика | Учебники для вузов | ||
| 650 | a | Основная рубрика | Журналисты | |
| x | Основная подрубрика | Этика | ||
| 653 | a | Ключевые слова | Журналистика | |
| a | Ключевые слова | Журналисты | ||
| a | Ключевые слова | Профессиональная этика | ||
| a | Ключевые слова | Этика журналиста | ||
| 852 | t | Порядковый номер экземпляра | 1 | |
| p | Инвентарный номер | 862572 | ||
| 888 | a | За счет средств университета | ||
| 930 | a | Новая/Ретро | учебники | |
| 952 | p | 467.2006 130.99 1 862572 | ||
| c | Вид литературы | К ру | ||
| 954 | a | Дата поступления на обработку | 20061213 | |
| 999 | a | Подразделение 2 | ч.з. |